00806nam a2200205 a 450000100100000000500170001000800410002704000250006808200200009310000430011324500500015626000550020630000210026159000260028265000280030865000310033691000370036795201790040499900170058300003304620240412074256.0110808s1944 dr r 000 p spa d aDO-SdBNPbspacBNPHU aRD861.44bF825a1 aFranco Bidó, Pablod1871-194495874310aAlborada :bpoesías /cPablo Franco Bidó. aSantiago, República Dominicana :b[s.n.],c1944. a320 p. ;c23 cm. aInventariado, 2019/BT 0aPoesía dominicana966 0aLiteratura dominicana.967 aValidado. Control de calidad MFF 001050718RVaPDbPDcHDd2011-08-08iLF1l0oRD861.44 F825ap33046-10r2020-06-25w2020-06-25y1zPerteneció a la biblioteca personal de Julio Ortega FrierZNo se presta c32537d32537